LEADER 01106nam a2200277 a 4500 001 000000126840 003 CaOOAMICUS 005 20111107113837.0 008 111107s2002 it u000 u ita r 020 $a88-211-8687-3 040 $aPUL$bita 082 04$a110 100 1 $aRuffinengo, Pier Paolo,$cO.P.$0(OLS)http://pul/name/1993 245 10$aOntoṇesis :$bintroduzione alla metafisica per un amico pasticciere /$cPier Paolo Ruffinengo. 260 $aGenova :$bMarietti,$c2002. 300 $a253 p. ;$c21 cm. 505 $aContiene appendice. 650 14$aMetafisica.$0(OLS)http://pul/subject/433 850 $aPUL 852 $aPUL$W1$xDP2 Filosofia 3$y112$m110 RUFPI 1$j146665$qDDC 21$B145363$CPULBib$Z2$F145363 $H118381 $82 941 1 $a9 996 $6020$a88-211-8687-3$9(OLS)http://pul/number/148393 996 $6082$a110$9(OLS)http://pul/classification/454 996 $6245$aOntoṇesis :$bintroduzione alla metafisica per un amico pasticciere$9(OLS)http://pul/title/160236 996 $6260$aGenova :$bMarietti$9(OLS)http://pul/publisher/48994 LEADER 01709nam a2200349 a 4500 001 000000140833 003 CaOOAMICUS 005 20141205144836.0 008 141205s2014 it u000 u ita r 020 $a978-88-343-2774-6 040 $aPUL$bita 082 04$a346.4501 245 00$aAllargare lo spazio familiare: adozione e affido /$ca cura di Eugenia Scabini e Giovanna Rossi. 260 $aMilano :$bVita e pensiero,$c©2014. 300 $aXVII, 299 p. : ;$c22 cm 490 1 $aStudi interdisciplinari sulla famiglia ;$v27 500 $aIn testa al front.: Università Cattolica del Sacro Cuore - Centro di Ateneo Studi e Ricerche sulla Famiglia. 504 $aInclude bibliografia di riferimento. 650 4$aAdozione e affiliazione$zItalia.$0(OLS)http://pul/subject/27063 650 4$aAffidamento.$0(OLS)http://pul/subject/27064 700 1 $aScabini, Eugenia.$0(OLS)http://pul/name/26590 700 1 $aRossi, Giovanna.$0(OLS)http://pul/name/39551 710 2 $aUniversità Cattolica del Sacro Cuore$pCentro di Ateneo Studi e Ricerche sulla Famiglia.$0(OLS)http://pul/name/78528 830 0$aStudi interdisciplinari sulla famiglia ;$v27.$0(OLS)http://pul/title/47522 850 $aPUL 852 $aPUL$W1$xSL Diritto e Scienze Sociali 3$y79$m346. 4501 SCAEU 1$j162595$qDDC 21$B162216$CPULBib$Z2$F162216 $H125017 $82 941 1 $a9 996 $6020$a978-88-343-2774-6$9(OLS)http://pul/number/156454 996 $6082$a346.4501$9(OLS)http://pul/classification/451 996 $6245$aAllargare lo spazio familiare: adozione e affido$9(OLS)http://pul/title/178194 996 $6260$aMilano :$bVita e pensiero$9(OLS)http://pul/publisher/48016